000 01741nam0a2200313 i 4500
001 RU\NLR\bibl\1907502
005 20260407204454.0
010 _a9785915210508
_93500
021 _aRU
_b2012-1133и
_9144и
035 _a(NLR Aleph) 001897063
090 _a2997673
_c2997673
100 _a20120528d2012 u y0rusy50 ca
101 0 _arus
102 _aRU
105 _aa |||||||||
200 1 _aПутеводитель
_fГос. музей изобраз. искусств им. А.С. Пушкина, Галерея искусства стран Европы и Америки XIX-XX веков
205 _a[2-е изд.]
210 _aМосква
_cКрасная площадь
_d2012
215 _a239 с.
_cил., цв. ил., портр.
_d24
601 0 2 _aГосударственный музей изобразительных искусств им. А.С. Пушкина
_bГалерея искусства стран Европы и Америки XIX - XX веков
_cМосква, город
_jПутеводители
_92574627
_3RU\NLR\auth\661522348
606 1 _aИзобразительное искусство
_jПутеводители
_z19 - 20 вв.
_92108272
_3RU\NLR\auth\661274370
686 _aЩ101.3(2Р)-2Москва2Музей изобр.искуства им.Пушкина я23
686 _aЩ103(0)я23
710 0 2 _aГосударственный музей изобразительных искусств им. А. С. Пушкина
_cМосква
_bГалерея искусства стран Европы и Америки XIX-XX веков
_3RU\NLR\AUTH\8810136565
_9768822
801 0 _aRU
_bNLR
_c20120528
_gRCR
801 1 _aRU
_bNLR
_c20120528
942 _cBOOK
980 _aNBR